|
|
|
|
| LEADER |
00000nam a2200000 a 4500 |
| 001 |
vtls010574008 |
| 003 |
SK-MaSNL |
| 005 |
20260301034530.0 |
| 008 |
240315s xo f 000 0 slo |
| 015 |
|
|
|a SNBA
|
| 040 |
|
|
|a SNK
|b slo
|c SNK
|e AACR2
|
| 041 |
0 |
|
|a slo
|
| 044 |
|
|
|a xo
|c SK
|
| 080 |
|
|
|a 537.8(035)
|2 1981
|
| 100 |
1 |
|
|a Vanovič, Ján,
|d 1907-1973
|4 aut
|9 37999
|
| 245 |
1 |
0 |
|a Magnetická susceptibilita ako identifikačná konštanta látok
|c Ján Vanovič
|
| 260 |
|
|
|a Bratislava
|b Univerzita Komenského
|c [s.a.]
|
| 650 |
0 |
7 |
|a elektromagnetizmus
|2 SNKPH
|9 67299
|
| 655 |
|
7 |
|a príručky
|2 SNKPH
|9 74364
|
| 999 |
|
|
|c 582001
|d 583931
|
| 952 |
|
|
|a SNK
|b SNK
|y PREZ
|7 0
|p 17A0941901
|o snkSB 23841
|0 0
|1 0
|4 0
|d 2014-02-04
|f 1
|l 0
|r 2025-03-27 00:00:00
|w 2026-02-23
|